Daňové teorie s praktickou aplikací

Salvato in:
Dettagli Bibliografici
Autore principale: Široký, Jan
Natura: Libro
Lingua:ceco
Pubblicazione: Praha C. H. Beck 2008
Edizione:2. vyd.
Serie:Beckovy ekonomické učebnice
Soggetti:
Tags: Aggiungi Tag
Nessun Tag, puoi essere il primo ad aggiungerne!!

MARC

LEADER 00000nam$a2200000$$$4500
001 0079062
005 20240226134024.1
020 |a 978-80-7400-005-8 
041 0 |a cze 
044 |a CZ 
245 1 0 |a Daňové teorie  |b s praktickou aplikací  |c Jan Široký a kol. 
250 |a 2. vyd. 
264 1 |a Praha  |b C. H. Beck  |c 2008 
300 |a 301 s. 
490 1 |a Beckovy ekonomické učebnice 
830 0 |a Beckovy ekonomické učebnice 
610 2 0 |a dane 
610 2 0 |a teórie daňové 
610 2 0 |a systémy daňové 
610 2 0 |a zaťaženie daňové 
610 2 0 |a politika daňová 
610 2 0 |a modely makroekonomické 
610 2 0 |a klasifikácia 
610 2 0 |a dane dôchodkové 
610 2 0 |a dane majetkové 
610 2 0 |a dane spotrebné 
610 2 0 |a ochrana prostredia životného 
610 2 0 |a zmluvy medzinárodné 
610 2 0 |a zdanenie dvojité 
610 2 0 |a únik daňový 
610 2 0 |a ekonomika tieňová 
610 2 0 |a Česko 
100 1 |a Široký, Jan